000 00669nam a2200289Ia 4500
005 20260324143242.0
008 008 260324s9999 xx 000 0 eng d
020 _a9781315485379
037 _aEBOOK
040 _aCRL
040 _beng
040 _cCRL
041 _2eng
041 _aeng
084 _qCRL
100 _aJim Eggert
_91214962
245 0 _aMeadowlark Economies
245 0 _bWork and Leisure in the Ecosystem
260 _bTaylor and Francis
260 _c1992
365 _a
365 _b120
856 _uhttp://www.taylorfrancis.com/books/9781315485379
942 _cEBOOK
999 _c1820112
_d1820112